| 000 | 00659cam a2200217 a 4500 | ||
|---|---|---|---|
| 001 | 3986567 | ||
| 005 | 20180309051818.0 | ||
| 008 | 950504s1995 txua p 000 0 eng | ||
| 010 | _a 95149180 | ||
| 020 | _a003011652X | ||
| 040 |
_aDLC _cDLC _dDLC |
||
| 041 | _aeng | ||
| 080 | _a247.1220 | ||
| 082 | 0 | 0 |
_a247.1220 WEE _220 |
| 100 | 1 | _a12 | |
| 101 | _aKIM | ||
| 245 | 1 | 0 |
_aPushing electrons : _cDaniel P. Weeks. |
| 906 |
_a7 _bcbc _corignew _d2 _encip _f19 _gy-gencatlg |
||
| 942 |
_2ddc _cBK |
||
| 999 |
_c44562 _d44562 |
||